<?xml version="1.0" encoding="UTF-8"?>
<collection xmlns="http://www.loc.gov/MARC21/slim">
 <record>
  <leader>00868nam a22002418a 4500</leader>
  <controlfield tag="001">00042808</controlfield>
  <controlfield tag="005">20181029161032.0</controlfield>
  <controlfield tag="008">171101s2017####-vm#################vie|d</controlfield>
  <datafield tag="020" ind1="#" ind2="#">
   <subfield code="c">75000</subfield>
   <subfield code="a">978 604 59 7733 0</subfield>
  </datafield>
  <datafield tag="041" ind1="0" ind2="#">
   <subfield code="a">Vie</subfield>
  </datafield>
  <datafield tag="082" ind1="#" ind2="#">
   <subfield code="a">658.041 2</subfield>
   <subfield code="b">K250TH</subfield>
  </datafield>
  <datafield tag="100" ind1="1" ind2="#">
   <subfield code="a">Crosbie, Alan</subfield>
  </datafield>
  <datafield tag="245" ind1="1" ind2="0">
   <subfield code="c">Alan Crosbie; Đào Hương Lan (Dịch)</subfield>
   <subfield code="a">Kế thừa hay chuyển giao</subfield>
   <subfield code="b">Sự sống của doanh nghiệp gia đình</subfield>
  </datafield>
  <datafield tag="260" ind1="#" ind2="#">
   <subfield code="a">Hà Nội</subfield>
   <subfield code="b">Lao động; Công ty Sách Bách Việt</subfield>
   <subfield code="c">2017</subfield>
  </datafield>
  <datafield tag="300" ind1="#" ind2="#">
   <subfield code="a">272tr.</subfield>
   <subfield code="c">21 cm.</subfield>
  </datafield>
  <datafield tag="653" ind1="#" ind2="#">
   <subfield code="a">Quản trị doanh nghiệp</subfield>
  </datafield>
  <datafield tag="653" ind1="#" ind2="#">
   <subfield code="a">bí quyết thành công</subfield>
  </datafield>
  <datafield tag="653" ind1="#" ind2="#">
   <subfield code="a">công ty gia đình</subfield>
  </datafield>
  <datafield tag="700" ind1="1" ind2="#">
   <subfield code="a">Đào Hương Lan</subfield>
   <subfield code="e">(Dịch)</subfield>
  </datafield>
  <datafield tag="852" ind1="#" ind2="#">
   <subfield code="j">KD.0024324</subfield>
  </datafield>
  <datafield tag="910" ind1=" " ind2=" ">
   <subfield code="d">22/10/2018</subfield>
  </datafield>
  <datafield tag="980" ind1="#" ind2="#">
   <subfield code="a">Trung tâm Học liệu Lê Vũ Hùng, Trường Đại học Đồng Tháp</subfield>
  </datafield>
 </record>
</collection>
